| 000 | 00680cam a22002293a 4500 | ||
|---|---|---|---|
| 001 | 25718 | ||
| 003 | PGUSA | ||
| 005 | 20140828083543.0 | ||
| 008 | 080607s2008||||xxu|||||s|||||000 | eng d | ||
| 040 |
_aPGUSA _beng |
||
| 042 | _adc | ||
| 050 | 4 | _aQL | |
| 100 | 1 |
_aRoberts, Charles G. D., _cSir, _d1860-1943 |
|
| 245 | 1 | 4 |
_aThe Watchers of the Trails : _bA Book of Animal Life _h[electronic resource] / _cCharles G. D., Roberts |
| 260 |
_bProject Gutenberg, _c2008 |
||
| 506 | _aPublic domain in the USA. | ||
| 516 | _aElectronic text | ||
| 653 | _aAnimals -- Anecdotes | ||
| 830 | 0 |
_aProject Gutenberg _v25718 |
|
| 856 | 4 | 0 | _uhttp://www.gutenberg.org/ebooks/25718 |
| 942 | _cEB | ||
| 999 |
_c254973 _d254973 |
||